000 00606nam a22001935i 4500
001 155351
003 ES-MaACL
005 20250824063048.0
008 941221s1881 sp |||| | spa d
040 _aCLM
_bspa
100 1 _aHernando y Espinosa, Benito,
_d1846-1916
_9127894
245 1 0 _aDe la lepra en Granada /
_cpor Benito Hernando y Espinosa.
260 _aGranada :
_b[s.n.],
_c1881 (
_fImp. de la Lealtad)
300 _a540 p. ;
_c22 cm.
505 8 _aContiene : texto
650 4 _aLepra-
_zEspaƱa.
_9155984
852 _aES-MaACL
_jG-6102
_z-- Enc. hol.
999 _c155351
_d155351